|
|
|
แสดงรายละเอียดบรรณานุกรม |
|
|
Brief Record
: Get Marc (ISO 2709)
: E-mail record
: |
| LEADER : 00000nam 2200000uu 4500 | |||
| 001 13399129218 | |||
| 003 ULIB | |||
| 008 260511s2568||||th 000 0 tha d | |||
| 020 ^ ^a9786166268386 | |||
| 050 ^ ^aBF120^bอ398ร | |||
| 100 ^ ^aอริยา คูหา. | |||
| 245 ^ ^aแรงจูงใจและอารมณ์ จากบทเรียนสู่ความสำเร็จ :^bMotiuation and Emotion From Lesson to Success /^cอริยา คูหา. | |||
| 250 ^ ^aพิมพ์ครั้งที่ 2. | |||
| 260 ^ ^aสงขลา :^bโรงพิมพ์ฝ่ายเทคโนโลยี และนวัตกรรมการเรียนรู้ สำนักวิทยบริการ มหาวิทยาลัยสงขลานครินทร์ ,^c2568. | |||
| 300 ^ ^a237 หน้า :^bตาราง : ภาพประกอบ | |||
| 650 ^ ^aจิตวิทยา. | |||
| 999 ^aประนอม เกษจรัล | |||
| คุณยังไม่ได้ล็อกอิน คุณสามารถมีกิจกรรมร่วมกับเว็บไซต์ได้ แต่ต้องล็อกอินก่อน :: |
|
รายการสื่อสารสนเทศ |
| สถานะ | |||||
| 1. | หนังสือสำรอง สถานะ=หนังสือสำรอง | BF120 อ398ร ฉ.1 Barcode: 012208 | ►หนังสือทั่วไป | บนชั้น *เพิ่งรับคืน | |
| 2. | การศึกษาทั่วไป | BF120 อ398ร ฉ.2 Barcode: 012209 | ►หนังสือทั่วไป | บนชั้น *เพิ่งรับคืน | |
| 3. | การศึกษาทั่วไป | BF120 อ398ร ฉ.3 Barcode: 012210 | ►หนังสือทั่วไป | บนชั้น *เพิ่งรับคืน | |
| 4. | การศึกษาทั่วไป | BF120 อ398ร ฉ.4 Barcode: 012211 | ►หนังสือทั่วไป | บนชั้น *เพิ่งรับคืน | |
| 5. | การศึกษาทั่วไป | BF120 อ398ร ฉ.5 Barcode: 012212 | ►หนังสือทั่วไป | บนชั้น *เพิ่งรับคืน | |
BibComment |
| คอมเมนท์ทรัพยากรรายการนี้ |
|
| |
Copyright 2026. Bcnsprnw @Library |
|